Shah Bano / (Record no. 123547)

MARC details
000 -LEADER
fixed length control field 00644nam a22002177a 4500
005 - DATE AND TIME OF LATEST TRANSACTION
control field 20170124105927.0
010 ## - LIBRARY OF CONGRESS CONTROL NUMBER
LC control number A-564820
020 ## - INTERNATIONAL STANDARD BOOK NUMBER
Terms of availability 00.00
035 ## - SYSTEM CONTROL NUMBER
System control number A-564820
037 ## - SOURCE OF ACQUISITION
Source of stock number/acquisition Cen Lib/Ret
040 ## - CATALOGING SOURCE
Original cataloging agency DPL
Language of cataloging EN
082 ## - DEWEY DECIMAL CLASSIFICATION NUMBER
Classification number 340.59
Item number JAN
100 ## - MAIN ENTRY--PERSONAL NAME
Personal name Janak Raj Jai
9 (RLIN) 6834
245 ## - TITLE STATEMENT
Title Shah Bano /
Statement of responsibility, etc by Janak Raj Jai
260 ## - PUBLICATION, DISTRIBUTION, ETC. (IMPRINT)
Place of publication, distribution, etc New Delhi
Name of publisher, distributor, etc Rajiv Publications
Date of publication, distribution, etc 1986
270 ## - ADDRESS
Address 29/4, Punjabi Bagh Extension
City New Delhi
Postal code 110026
300 ## - PHYSICAL DESCRIPTION
Extent 202p.
Dimensions 21cm(Hb)
650 ## - SUBJECT ADDED ENTRY--TOPICAL TERM
Topical term or geographic name as entry element Shah Bano -- Trials, litigation, etc
9 (RLIN) 72262
650 ## - SUBJECT ADDED ENTRY--TOPICAL TERM
Topical term or geographic name as entry element Desertion and non-support -- India
9 (RLIN) 72263
942 ## - ADDED ENTRY ELEMENTS (KOHA)
Source of classification or shelving scheme Dewey Decimal Classification
Koha item type English Books
Classification part 340.59
Call number suffix JAN
Holdings
Withdrawn status Lost status Damaged status Not for loan Home library Current library Date acquired Source of acquisition Cost, normal purchase price Total Checkouts Total Renewals Full call number Barcode Date last seen Date checked out Copy number Cost, replacement price Price effective from Koha item type
        Central Library Central Library 08/06/2015 Cen Lib/Ret 0.00 3 2 340.59 JAN A-564820 24/11/2018 10/11/2018 1 0.00 15/09/2016 English Books

© Delhi Public Library
Hit Counter
free hit counter